<?xml version="1.0" encoding="UTF-8"?>
<record
    xmlns:xsi="http://www.w3.org/2001/XMLSchema-instance"
    xsi:schemaLocation="http://www.loc.gov/MARC21/slim http://www.loc.gov/standards/marcxml/schema/MARC21slim.xsd"
    xmlns="http://www.loc.gov/MARC21/slim">

  <leader>02265nam a2200325uu 4500</leader>
  <controlfield tag="001">1316491</controlfield>
  <controlfield tag="005">20260508075507.0</controlfield>
  <controlfield tag="008">130219s2012                        spa  </controlfield>
  <datafield tag="020" ind1=" " ind2=" ">
    <subfield code="a">9789587613476</subfield>
  </datafield>
  <datafield tag="035" ind1=" " ind2=" ">
    <subfield code="a">1316491</subfield>
  </datafield>
  <datafield tag="040" ind1=" " ind2=" ">
    <subfield code="c">comduadb</subfield>
  </datafield>
  <datafield tag="041" ind1=" " ind2=" ">
    <subfield code="a">spa</subfield>
  </datafield>
  <datafield tag="080" ind1=" " ind2=" ">
    <subfield code="a">A</subfield>
  </datafield>
  <datafield tag="082" ind1=" " ind2="4">
    <subfield code="a">378</subfield>
  </datafield>
  <datafield tag="100" ind1="1" ind2="0">
    <subfield code="a">Murray, Pamela S.</subfield>
    <subfield code="4">aut</subfield>
    <subfield code="0">(isni)0000 0001 1633 5292</subfield>
    <subfield code="0">(viaf)46025999</subfield>
    <subfield code="e">aut</subfield>
    <subfield code="9">608370</subfield>
  </datafield>
  <datafield tag="245" ind1="1" ind2="0">
    <subfield code="a">Sue&#xF1;os de desarrollo: La Escuela Nacional de Minas de Colombia y sus Ingenieros, 1887-1970</subfield>
  </datafield>
  <datafield tag="260" ind1=" " ind2=" ">
    <subfield code="a">Medell&#xED;n :</subfield>
    <subfield code="b">Universidad Nacional de Colombia. Facultad de Derecho, Ciencias Pol&#xED;ticas y Sociales,</subfield>
    <subfield code="c">2012.</subfield>
  </datafield>
  <datafield tag="300" ind1=" " ind2=" ">
    <subfield code="a">170 p&#xE1;ginas</subfield>
  </datafield>
  <datafield tag="490" ind1="0" ind2=" ">
    <subfield code="a">Colecci&#xF3;n Facultad de Minas 125 a&#xF1;os</subfield>
  </datafield>
  <datafield tag="520" ind1="3" ind2=" ">
    <subfield code="a">Sue&#xF1;os de desarrollo, en su t&#xED;tulo en espa&#xF1;ol, es una traducci&#xF3;n del liro Dreams of Development escrito por Pamea S. Murray una profesora de historia de la Universidad de Alabama, en Birmingham, Estados Unidos. Quiz&#xE1;s por razones ancestrales la autora, de madre antioque&#xF1;a, y prevalida de una formaci&#xF3;n acad&#xE9;mica en historia, emprendi&#xF3; durante diez y ocho meses una incursi&#xF3;n investigativa acorde a su profesi&#xF3;n, de la cual surgi&#xF3; este libro, en el qu con rigor hist&#xF3;rico se da un asomo a la pol&#xED;tica, la cultura, la econom&#xED;a, el sistema educativo, las costumbrs y la idiosincracia del pueblo antioque&#xF1;o, todo lo que se conjug&#xF3; para que en los siglos XIX y XX se forjara en Medell&#xED;n una clase pol&#xED;tica, un desarrollo intelectual, uas bases tecnocr&#xE1;ticas y una dirigencia que manejaran los destinos de Antioquia y se irradiaran con fortaleza al desarrollo industriall de toda Colombia.</subfield>
  </datafield>
  <datafield tag="650" ind1=" " ind2=" ">
    <subfield code="a">Escuela Nacional de Minas de Medell&#xED;n - Historia</subfield>
    <subfield code="9">149202</subfield>
  </datafield>
  <datafield tag="650" ind1=" " ind2=" ">
    <subfield code="a">Escuela Nacional de Minas - Homenaje</subfield>
    <subfield code="9">180016</subfield>
  </datafield>
  <datafield tag="650" ind1=" " ind2=" ">
    <subfield code="a">Universidad Nacional de Colombia (Sede Medellin). Escuela Nacional de Minas</subfield>
    <subfield code="9">43691</subfield>
  </datafield>
  <datafield tag="650" ind1=" " ind2=" ">
    <subfield code="a">Educaci&#xF3;n superior - Historia - Medell&#xED;n (Antioquia, Colombia)</subfield>
    <subfield code="9">213414</subfield>
  </datafield>
  <datafield tag="650" ind1=" " ind2=" ">
    <subfield code="a">Formaci&#xF3;n profesional de ingenieros</subfield>
    <subfield code="9">50463</subfield>
  </datafield>
  <datafield tag="650" ind1=" " ind2=" ">
    <subfield code="a">Escuela Nacional de Minas de Medell&#xED;n - Historia - 1887-1970</subfield>
    <subfield code="9">212577</subfield>
  </datafield>
  <datafield tag="650" ind1=" " ind2=" ">
    <subfield code="a">Educaci&#xF3;n y de desarrollo - Medell&#xED;n (Antioquia, Colombia)</subfield>
    <subfield code="9">212578</subfield>
  </datafield>
  <datafield tag="700" ind1="1" ind2="0">
    <subfield code="a">Castro Quintero, N&#xE9;stor</subfield>
    <subfield code="4">trl</subfield>
    <subfield code="e">trl</subfield>
    <subfield code="9">666316</subfield>
  </datafield>
  <datafield tag="942" ind1=" " ind2=" ">
    <subfield code="c">BOOK</subfield>
  </datafield>
  <datafield tag="999" ind1=" " ind2=" ">
    <subfield code="c">639986</subfield>
    <subfield code="d">639986</subfield>
  </datafield>
  <datafield tag="952" ind1=" " ind2=" ">
    <subfield code="0">0</subfield>
    <subfield code="1">0</subfield>
    <subfield code="4">0</subfield>
    <subfield code="7">0</subfield>
    <subfield code="8">GEN</subfield>
    <subfield code="a">BC</subfield>
    <subfield code="b">BC</subfield>
    <subfield code="d">2014-12-03</subfield>
    <subfield code="e">Material adquirido por canje</subfield>
    <subfield code="g">42000.00</subfield>
    <subfield code="i">C1218498</subfield>
    <subfield code="l">0</subfield>
    <subfield code="o">378.009 M981</subfield>
    <subfield code="p">01003085</subfield>
    <subfield code="r">2023-05-02 00:00:00</subfield>
    <subfield code="t">1</subfield>
    <subfield code="w">2023-05-02</subfield>
    <subfield code="y">BOOK</subfield>
  </datafield>
  <datafield tag="952" ind1=" " ind2=" ">
    <subfield code="0">0</subfield>
    <subfield code="1">0</subfield>
    <subfield code="4">0</subfield>
    <subfield code="7">0</subfield>
    <subfield code="8">GENERAL</subfield>
    <subfield code="a">CENDI</subfield>
    <subfield code="b">CENDI</subfield>
    <subfield code="d">2013-02-19</subfield>
    <subfield code="i">C1167706</subfield>
    <subfield code="l">1</subfield>
    <subfield code="o">A 08172</subfield>
    <subfield code="p">787537</subfield>
    <subfield code="r">2025-01-29 00:00:00</subfield>
    <subfield code="s">2024-08-23</subfield>
    <subfield code="t">1</subfield>
    <subfield code="w">2023-05-02</subfield>
    <subfield code="y">BOOK</subfield>
  </datafield>
</record>
